000 00483nam a2200169 i 4500
001 30634
003 ES-MaACL
005 20230906154229.0
007 t|
008 030127s1917 fr ||||1| fre d
100 1 _aBataille, Henry.
_926392
245 1 2 _aL'Amazone
_b: ; Les flambeaux : théatre /
_cHenry Bataille.
260 _aParís :
_b[s.n.,
_c1917] (
_fLibrairies-Imprimeries Reunies)
300 _a367 p. ;
_c19 cm.
740 4 _aLes flambeaux.
852 _aES-MaACL
_jF-5636
999 _c30634
_d30634